000 00679nam a2200193Ia 4500
008 090124s9999 xx 000 0 und d
082 _b41175
100 _aकलाम ए. पी. जे. अब्दुल
245 _a मेरे सपनों का भारत
250 _a1
260 _c2004
300 _a195
600 _aकलाम ए. पी. जे. अब्दुल
630 _a मेरे सपनों का भारत
700 _aकलाम ए. पी. जे. अब्दुल
700 _aपिल्ले ए. शिवताणु
730 _a मेरे सपनों का भारत
942 _cBOOK
999 _c107319
_d107319